000 00644nam a22002177a 4500
003 DO-SdBNP
005 20180205135125.0
008 161027b 1981 sp|||| |||| 00| 0 spa d
020 _a843051225X
040 _aBPMSU
_bspa
_cBPMSU
100 1 _aHerrera, Juan Ignacio
245 1 0 _aVasco Nuñez de Balboa /
_cJuan Ignacio Herrera ; ilustraciones J.P. Montero.
260 _aBarcelona :
_bSusaeta Ediciones,
_c1981
300 _a99 p. :
_bil. ;
_c21 cm
490 1 _aVidas ilustres
700 _aMpontero, J. P.
_eil.
830 0 _pVidas ilustres
942 _2ddc
_cBK
945 _aInventariado, 2018 /LP
956 _aDGARCIA
_b10
999 _c11701
_d11701